Normal view MARC view

Entry Topical Term

Number of records used in: 1

001 - CONTROL NUMBER

  • control field: 6409

003 - CONTROL NUMBER IDENTIFIER

  • control field: OSt

005 - DATE AND TIME OF LATEST TRANSACTION

  • control field: 20190621050629.0

008 - FIXED-LENGTH DATA ELEMENTS

  • fixed length control field: 190621|| aca||aabn | a|a d

040 ## - CATALOGING SOURCE

  • Original cataloging agency: OSt
  • Transcribing agency: OSt

150 ## - HEADING--TOPICAL TERM

  • Topical term or geographic name entry element: Sea-power. Indian Ocean. India -- History, Naval.

670 ## - SOURCE DATA FOUND

  • Source citation: Work cat.: (OSt)509514: Sharma, Vishal 5443, Hydrography for furthering India's influence in Indian Ocean and beyond , 2019

Powered by Koha